| 000 | 00618nam a2200169 i 4500 | ||
|---|---|---|---|
| 001 | 41246 | ||
| 003 | ES-MaACL | ||
| 005 | 20230906160411.0 | ||
| 007 | t| | ||
| 008 | 030310s1935 sp ||||1| cat d | ||
| 100 | 1 |
_aCases Carbó, Joaquin. _936299 |
|
| 245 | 1 | 4 |
_aDel presente i del próseim avenir _b: oda a la Federació neo-llatina mediterranea, a la Federació Europea y a la Pau : tese en cinquante llengües precedida d'una introducció / _cJoaquin Cases Carbó. |
| 260 |
_aBarcelona : _bLib. Catalonia, _c1935. |
||
| 300 |
_a258 p. ; _c19 cm. |
||
| 500 | _aDedicatoria del autor. | ||
| 852 |
_aES-MaACL _jA-3231 |
||
| 999 |
_c41246 _d41246 |
||